00414 2200181 4500001002100000005001500021008004100036035001900077041000600096082000800102090001400110100001900124245002200143260003200165300001900197500000600216650001000222INLIS00000000000419220241224112850241224||||||||| | ||| |||| ||  0010-1224004192 a00 a811 a811 SUR d0 aSurachman R. M00aDi Taman Larangan bPT. Kiblat Buku Utamac2012 a74 hlm.; 21 cm a1 0aPuisi